| Tag |
First Indicator |
Second Indicator |
Subfields |
| LEADER |
00000pam a2200000 a 4500 |
| 001 |
in00000082076 |
| 005 |
20151008055503.0 |
| 008 |
810727s1982 mau b 00000 eng |
| 010 |
|
|
|a 81047024
|
| 020 |
|
|
|a 0669045462
|
| 035 |
|
|
|a (OCoLC)07737631
|
| 035 |
|
|
|9 AAJ3595AM
|
| 039 |
0 |
|
|a 2
|b 3
|c 3
|d 3
|e 3
|
| 040 |
|
|
|a DLC
|c DLC
|d TXA
|d UtOrBLW
|
| 049 |
|
|
|a TXAM
|c [951936]
|
| 050 |
0 |
0 |
|a LB1027.9
|b .F35
|
| 082 |
0 |
|
|a 370.19
|2 19
|
| 245 |
0 |
0 |
|a Family choice in schooling :
|b issues and dilemmas /
|c edited by Michael E. Manley-Casimir.
|
| 264 |
|
1 |
|a Lexington, Mass. :
|b Lexington Books,
|c [1982]
|
| 264 |
|
4 |
|c ©1982
|
| 300 |
|
|
|a xiii, 210 pages ;
|c 24 cm.
|
| 336 |
|
|
|a text
|b txt
|2 rdacontent
|
| 337 |
|
|
|a unmediated
|b n
|2 rdamedia
|
| 338 |
|
|
|a volume
|b nc
|2 rdacarrier
|
| 504 |
|
|
|a Includes bibliographical references.
|
| 650 |
|
0 |
|a School choice.
|
| 700 |
1 |
|
|a Manley-Casimir, Michael E.
|
| 999 |
|
|
|a MARS
|
| 999 |
f |
f |
|s f0eb6164-e8b2-3971-a10a-5379cd289c75
|i 7307d859-efab-3da1-86df-d2e07551d796
|t 0
|
| 952 |
f |
f |
|p normal
|a Texas A&M University
|b College Station
|c Sterling C. Evans Library
|d Evans: Library Stacks
|t 0
|e LB1027.9 .F35
|h Library of Congress classification
|i unmediated -- volume
|m A14806159448
|
| 998 |
f |
f |
|a LB1027.9 .F35
|t 0
|l Evans: Library Stacks
|